00634nam a22001697a 4500003000400000005001700004008004100021040001700062050001500079082001500094100003300109245007900142260003900221300001200260653017900272856001300451OSt20260428105702.0260428b ||||| |||| 00| 0 eng d aBSHUAbShqip b787.3/Bon. b787.3/Bon. aBononcini, Giovanni Battista aSonate a- Moll / la mineur / a minor : fur Violoncello und Basso continuo  aMainz:bB. Schott's Sohne, c1967. a2 parte aMuzika boterore - Muzika italiane - Muzika baroke - Muzika instrumentale - Muzike per Violincel - Sonata - aSonate ne La minor - Sonate per Celo dhe Bass Continuo - 2 parte  yFulltext